[Event "CRO-ch Youth U19 2020"]
[Site "Vinkovci"]
[Date "2020.07.29"]
[Round "2.11"]
[White "Jakrlin, Mihael"]
[Black "Novosel, Marko"]
[Result "1-0"]
[WhiteElo "2183"]
[BlackElo "2147"]
[Annotator "TA"]
[PlyCount "143"]
[EventDate "2020.07.28"]
[EventType "swiss"]
[EventCountry "CRO"]
[SourceTitle "playchess.com"]
[Source "ChessBase"]
[SourceQuality "1"]

{[%evp 12,143,13,11,43,0,0,-6,-9,-1,-5,-6,8,0,18,0,14,-6,0,-5,-2,-16,14,16,18,18,45,45,48,16,77,27,45,6,16,-4,-10,-14,59,18,60,-20,-20,-28,-20,-50,-21,-45,-22,-30,32,-172,0,0,35,37,36,0,0,0,0,0,95,94,85,47,114,0,2,2,10,8,99,116,130,130,203,192,188,148,351,147,147,142,120,110,130,141,160,171,210,203,306,172,263,260,152,72,192,184,168,143,511,552,547,553,523,523,29965,29967,29972,29966,29971,29973,29973,29973,29972,29974,29977,29976,29976,29977,29980,29980,29981,29982,29982,29981,29982,29982,29982,29983,29983,29984]} 1. Nf3 Nf6 2. g3 g6 3. b3 Bg7 4. Bb2 b6 5. Bg2 Bb7 6. c4 c5 7. O-O Nc6 {[#] A30: Symmetrical English: Double Fianchetto and Hedgehog.} 8. e4 $146 ({Predecessor:} 8. d4 Nxd4 9. Nxd4 Bxg2 10. Kxg2 cxd4 11. Qxd4 O-O 12. Nc3 d6 13. Rfd1 Qd7 14. Rab1 Qb7+ 15. f3 Nd7 16. Qe3 Nf6 17. Nd5 Nxd5 18. cxd5 Rac8 19. Bxg7 Kxg7 20. Rbc1 Rxc1 21. Rxc1 Qxd5 22. Qxe7 {½-½ (51) Burmakin,V (2608)-Jimenez Fraga,P (2446) Sabadell 2012}) 8... d6 9. Qe2 e5 {The position is equal.} 10. d3 O-O 11. Qd2 Nh5 12. Nc3 h6 13. Ne2 Bc8 14. h3 Bd7 15. Kh2 Rc8 16. Rg1 g5 17. Raf1 Kh7 18. Ne1 Nd4 19. Nxd4 cxd4 20. Ba3 Be6 (20... Qe7 $11) 21. Nc2 (21. Qe2 $5 {[%cal Re2h5]} Nf6 22. f4 $14) 21... Rg8 22. Ra1 g4 23. Bc1 gxh3 24. Bxh3 Qd7 (24... Bxh3 $11 25. Kxh3 Qd7+ 26. Kh2 f5) 25. Bg2 Nf6 26. f3 (26. Rh1 $14) 26... Bf8 $11 27. Qf2 Rg6 28. Bd2 Be7 29. Bf1 Rcg8 30. Be2 Nh5 ({Black should try} 30... a5 $11) 31. f4 $2 (31. g4 $14 {is the one way to stay ahead.} Nf6 32. Kh1) 31... Nxg3 $2 (31... Bg4 $1 $19 32. f5 R6g7) 32. f5 Nxf5 33. exf5 Bxf5 34. Bh5 R6g7 35. Rxg7+ Rxg7 36. Rg1 $36 {[%mdl 2048] White has the initiative.} Bg6 (36... Bg5 $11 {keeps the balance.}) 37. Bxg6+ $16 fxg6 38. Qf3 Qe6 ({Black should play} 38... Qf5 $14 39. Qh3 Qxh3+ 40. Kxh3 g5) 39. Qh3 (39. Rf1 $16) 39... Qxh3+ $11 40. Kxh3 Rf7 41. Kg3 Bd8 (41... g5 $11 {remains equal.}) 42. Nb4 $16 g5 43. Nc6 $1 {[%cal Rc6d8]} Bc7 (43... Bf6 $16) 44. Nxa7 $18 d5 45. Nb5 Bb8 $2 (45... dxc4 $16 46. bxc4 Bb8) 46. Kg2 (46. cxd5 $18 {is the precise move to win. Hoping for d6.} Rd7 47. d6 Bxd6 48. Rc1) 46... dxc4 $16 47. bxc4 Kg6 48. Rb1 {Strongly threatening Nxd4!} Kh5 49. Re1 Kg4 50. Re4+ Kh5 51. a4 g4 (51... Kg6 $142 52. Be1 Rf8) 52. Bb4 (52. a5 $142 $1) 52... Rf6 {[#]} (52... Rf3 {was necessary.} 53. Nd6 Rxd3 54. Rxe5+ Kg6) 53. Be7 $1 $18 {[%cal Re7f6]} Rf3 {[#]} 54. Nd6 (54. a5 $142 $1 {[%cal Ra5b6]} bxa5 55. c5 Rxd3 56. Bd6 Rd2+ 57. Kg3 Rd3+ 58. Kf2 Rd2+ 59. Ke1) 54... Bxd6 (54... Rxd3 $16 55. Rxe5+ Kg6 56. Re6+ Kh5 57. Re5+ Kg6 58. Re6+ Kh5) 55. Bxd6 Rxd3 56. Bxe5 $16 {[%mdl 4096] Endgame KRB-KR} Ra3 $2 {[%mdl 8192]} (56... Kg5 $16 {is a better chance.} 57. Rxd4 Ra3 58. Bf4+ Kf5 59. Bxh6 Rxa4) 57. Bxd4 $18 Rxa4 58. Bxb6 Kg5 59. Be3+ Kf5 60. Rf4+ {White mates.} Kg5 61. Kg3 Ra3 62. Rxg4+ Kf5 63. Rf4+ Ke5 64. Kf3 Ra2 65. Rh4 Ra4 66. Rh5+ Kd6 67. c5+ Kc7 68. Rxh6 Rc4 69. Rf6 Kb7 70. Rf4 Rc3 71. Ke4 Kc6 72. Bd4 {Accuracy: White = 65%, Black = 50%.} 1-0

[Event "CRO-ch Youth U19 2020"]
[Site "Vinkovci"]
[Date "2020.07.29"]
[Round "2.12"]
[White "Alfirevic, Duje"]
[Black "Birkic, Josip"]
[Result "1-0"]
[WhiteElo "2011"]
[BlackElo "1984"]
[Annotator "TA"]
[PlyCount "69"]
[EventDate "2020.07.28"]
[EventType "swiss"]
[EventCountry "CRO"]
[SourceTitle "playchess.com"]
[Source "ChessBase"]
[SourceQuality "1"]

{[%evp 29,69,35,47,40,51,50,40,40,52,42,58,27,33,14,39,29,72,58,118,60,69,67,73,23,137,0,0,0,116,116,210,216,212,203,1058,1074,1075,1008,29991,29992,29992,29993]} 1. e4 c6 2. d4 d5 3. Nc3 dxe4 4. Nxe4 Bf5 5. Ng3 Bg6 6. h4 h6 7. Nf3 Nd7 8. h5 Bh7 9. Bd3 Bxd3 10. Qxd3 Qc7 11. Bd2 e6 12. O-O-O Ngf6 13. Ne4 Nxe4 14. Qxe4 Nf6 15. Qe2 Bd6 16. Kb1 {16.g3 is not played anymore. B19: Classical Caro-Kann: 4...Bf5 main line.} Bf4 17. Ne5 Bxd2 18. Rxd2 {White is slightly better.} O-O-O {[#]} 19. f4 $146 ({Predecessor:} 19. Rh3 Rd5 20. c4 Rd6 21. c5 Rd5 22. Ra3 Kb8 23. Qd1 Ne4 24. Nc4 Nxd2+ 25. Qxd2 {½-½ (49) Staberhofer,R (2078)-Dobay,K (2049) Austria 2019}) 19... Rd6 20. c4 Rhd8 21. Rhd1 $36 {[%mdl 2048] White is more active.} Qe7 22. g4 Ng8 23. a3 Qf6 (23... Kb8 $14) 24. Ka2 ({Better is} 24. d5 $16 {dxc6 is the strong threat.} cxd5 25. c5) 24... Kb8 25. Qe4 Qe7 26. g5 c5 {[#]} (26... f6 $11) 27. g6 (27. Nf3 $1 $16) 27... fxg6 $11 28. Nxg6 Qf6 (28... Qc7 $11 {keeps the balance.}) 29. d5 $16 Ne7 {[#]} (29... Kc7 $16 {was called for.} 30. Rd3 exd5 31. Rxd5 (31. cxd5 Kb8 $16) 31... Rxd5 32. Rxd5 Rxd5 33. Qxd5 {[%mdl 64] Double Attack} Ne7 34. Qxc5+ {[%mdl 64] Double Attack} Nc6) 30. Nxe7 $1 $18 Qxe7 31. Qe5 {Hoping for dxe6.} Qc7 $2 (31... Qf6 32. dxe6 {[%mdl 64] Discovered Attack} Qxe5 33. fxe5 Rxd2 34. Rxd2 Kc7) 32. dxe6 {[%cal Rd2d6]} Rxd2 33. Rxd2 {[%cal Rd2d8]} Qxe5 34. Rxd8+ Kc7 35. Rd7+ {Accuracy: White = 76%, Black = 40%.} ({Not} 35. fxe5 Kxd8 36. Kb3 Ke7 $11) 1-0

[Event "CRO-ch Youth U19 2020"]
[Site "Vinkovci"]
[Date "2020.07.29"]
[Round "2.13"]
[White "Smetisko, Josip"]
[Black "Purini, Bruno"]
[Result "1-0"]
[WhiteElo "1940"]
[BlackElo "2017"]
[Annotator "TA"]
[PlyCount "35"]
[EventDate "2020.07.28"]
[EventType "swiss"]
[EventCountry "CRO"]
[SourceTitle "playchess.com"]
[Source "ChessBase"]
[SourceQuality "1"]

{[%evp 14,35,-10,-6,0,-16,0,-3,0,-47,0,-14,3,-9,13,24,394,404,482,485,610,587,733,741]} 1. e4 e5 2. Nf3 Nc6 3. Be2 Nf6 4. d3 d5 5. Nbd2 Bc5 6. c3 O-O 7. b4 Bd6 8. O-O Ne7 {C44: Ponziani Opening and Scotch Gambit.} 9. Qc2 Ng6 10. exd5 Nxd5 {[#] The position is equal.} 11. Nc4 $146 ({Predecessor:} 11. g3 Bg4 12. a3 Re8 13. c4 Nf6 14. Bb2 c5 15. Bc3 Qe7 16. Qb2 Rad8 17. Rfe1 {½-½ (73) Pasqua,G (1852)-Schulz,H (1770) LSS email 2011}) 11... Ndf4 12. Re1 Qf6 13. Bf1 Bg4 14. Bxf4 Qxf4 $4 {[%mdl 8192] Now Black is done in.} (14... exf4 $11 15. Be2 Bf5) 15. Re4 $18 Qh6 {[#] Threatens to win with ...Bxf3.} 16. Rxg4 {White is clearly winning.} f5 17. Rg3 e4 18. Nxd6 {Accuracy: White = 86%, Black = 42%.} 1-0

[Event "CRO-ch Youth U19 2020"]
[Site "Vinkovci"]
[Date "2020.07.29"]
[Round "3.9"]
[White "Salamon, Viktor"]
[Black "Cotic, Borna"]
[Result "0-1"]
[WhiteElo "1805"]
[BlackElo "2049"]
[Annotator "TA"]
[PlyCount "154"]
[EventDate "2020.07.28"]
[EventType "swiss"]
[EventCountry "CRO"]
[SourceTitle "playchess.com"]
[Source "ChessBase"]
[SourceQuality "1"]

{[%evp 9,154,-5,0,-6,0,-13,0,0,0,-12,-11,-11,-11,-33,-24,-27,-29,-37,-41,-47,-30,-43,-28,-41,-36,-35,-24,-35,-51,-52,-44,-60,-54,-48,-43,-88,-54,-54,-54,-88,-88,-88,-88,-110,-106,-110,-104,-104,-104,-115,-109,-120,-109,-109,-88,-88,-88,-89,-88,-88,-88,-88,-70,-76,-70,-76,-70,-76,-70,-70,-70,-76,-70,-70,0,-76,-70,-70,-70,-76,-70,-70,-70,-76,-70,-70,-70,-70,-70,-70,-70,-70,-70,-70,-70,-70,-70,-77,-70,-70,-29,-133,-29,-133,-29,-66,-9,-9,-8,-29,-29,-29,-29,-29,-29,-29,-29,-29,-28,-28,0,-29,-29,-29,-29,-29,-29,-29,-29,-29966,-29965,-29967,-29968,-29970,-29971,-29972,-29974,-29973,-29974,-29977,-29976,-29977,-29978,-29979,-29980,-29983,-29984]} 1. d4 Nf6 2. Nc3 d5 3. Bf4 e6 4. e3 Bd6 5. Nf3 O-O 6. Bd3 {D00: 1 d4 d5: Unusual lines.} b6 7. O-O Bxf4 8. exf4 {The position is equal.} c5 9. Re1 Nc6 10. dxc5 bxc5 {[#]} 11. Ne5 $146 ({Predecessor:} 11. Na4 c4 12. Ne5 cxd3 13. Qxd3 Rb8 14. Nxc6 Qd7 15. Re3 Qxc6 16. Rf3 Qxa4 17. f5 {0-1 (40) Puri,M (608)-Meyer,F (906) LSS email 2013}) 11... Bb7 12. b3 Rc8 13. Nxc6 Bxc6 14. Qe2 Re8 15. Nb1 {[#]} c4 $1 {[%mdl 576] Decoy} 16. bxc4 dxc4 17. Bxc4 Qd4 18. Nd2 Qxf4 $40 {[%mdl 128] Black attacks.} 19. Qe3 Qc7 20. Bd3 Nd5 21. Qh3 h6 {And now ...Nf4 would win.} 22. Qg3 Qxg3 23. hxg3 Nb4 24. Rab1 Nxd3 25. cxd3 Red8 26. Re3 Bd5 27. Rb2 Rc1+ 28. Kh2 Rdc8 29. Nb3 R1c2 30. Re2 Rxe2 31. Rxe2 Bxb3 32. axb3 $17 {[%mdl 4096] Endgame KR-KR} Rc3 33. Ra2 Rxb3 34. Rxa7 Rxd3 35. g4 g5 36. f3 Kg7 37. Kg3 Kg6 38. Ra6 Rd1 39. Rb6 $1 Rd4 40. Ra6 Rf4 41. Rb6 $1 Rd4 42. Ra6 $1 Kf6 43. Rb6 Ra4 44. Rc6 Kg6 45. Rb6 Ra2 46. Rc6 Re2 47. Rb6 h5 48. gxh5+ Kxh5 49. Rb5 f5 50. Rb8 Kg6 51. Rb6 Kf6 52. Rb8 Ra2 53. Rc8 Ra3 54. Rb8 g4 55. Rc8 {[#]} (55. Kf2 $11 {remains equal.}) 55... Rd3 ({Black should try} 55... e5 $1 $17 {Threatens to win with ...gxf3.} 56. Rf8+ Kg5 57. Rg8+ Kh5) 56. Rb8 {[#]} (56. Rg8 $11 {keeps the balance.}) 56... Ke5 (56... e5 $1 $17 {[%cal Re5e4]} 57. Rf8+ Kg5 58. Rg8+ Kh5) 57. Ra8 gxf3 (57... Rb3 $15) 58. gxf3 $11 Rd1 59. Rb8 f4+ 60. Kf2 Rd2+ 61. Ke1 Rc2 62. Rd8 Rb2 63. Re8 Kf5 64. Rf8+ Ke5 65. Rd8 Rb5 66. Ke2 Ra5 67. Rc8 Ra2+ 68. Ke1 Kd4 69. Re8 $2 {[%mdl 8192] Loses the game.} (69. Rb8 $11) 69... Ke3 {[%cal Ra2a1] Black mates.} 70. Rxe6+ Kxf3 71. Re8 Ra1+ 72. Kd2 Kf2 73. Rf8 f3 74. Rg8 Ra7 75. Rd8 Kf1 76. Ke3 f2 77. Rf8 Ke1 {Accuracy: White = 83%, Black = 86%.} 0-1

[Event "CRO-ch Youth U19 2020"]
[Site "Vinkovci"]
[Date "2020.07.29"]
[Round "3.10"]
[White "Smetisko, Josip"]
[Black "Jakrlin, Mihael"]
[Result "0-1"]
[WhiteElo "1940"]
[BlackElo "2183"]
[Annotator "NA RC"]
[PlyCount "93"]
[EventDate "2020.07.28"]
[EventType "swiss"]
[EventCountry "CRO"]
[SourceTitle "playchess.com"]
[Source "ChessBase"]
[SourceQuality "1"]
[TimeControl "5400+30"]

1. e4 {[%emt 0:00:30]} Nf6 {[%emt 0:00:30]} 2. e5 {[%emt 0:01:30]} Nd5 {[%emt 0:00:00]} 3. d4 {[%emt 0:00:30]} d6 {[%emt 0:00:00]} 4. Nf3 {[%emt 0:01:30]} dxe5 {[%emt 0:01:30]} 5. Nxe5 {[%emt 0:01:30]} c6 {[%emt 0:00:30]} 6. c4 {[%emt 0:03:30]} Nb4 {[%emt 0:00:00] B04: Alekhine's Defence: 4 Nf3.} 7. Be3 {[%emt 0:04:30]} Bf5 $1 {[%emt 0:00:00]} 8. Nd3 {[%emt 0:00:30]} e5 {[%emt 0:00:30]} 9. Nxb4 {[%emt 0:01:30]} Bxb4+ {[%emt 0:00:30]} 10. Nc3 {[%emt 0:00:30]} Qa5 {[%emt 0:01:30]} 11. Qb3 {[%emt 0:00:30]} (11. Rc1 $11) 11... Na6 {[%emt 0:04:30]} 12. Be2 {[%emt 0:09:30]} exd4 {[%emt 0:03:30]} 13. Bxd4 {[%emt 0:00:00]} O-O-O {[%emt 0:00:30]} 14. Rd1 $2 {[%emt 0:16:00] [#]} (14. Be3 {was the only chance.}) 14... Rhe8 $2 {[%emt 0:11:30] [#]} (14... Rxd4 $1 $19 {[%mdl 512] is more deadly.} 15. Rxd4 Nc5) 15. O-O $146 {[%emt 0:02:30]} ({Predecessor:} 15. a3 Bc5 16. Bxg7 Bxf2+ 17. Kxf2 Qc5+ 18. Kf1 Qe3 19. Rxd8+ Rxd8 20. c5 Qf4+ 21. Kg1 Qe3+ 22. Kf1 Qf4+ 23. Kg1 Nxc5 24. Qxf7 Qe3+ 25. Kf1 Qf4+ 26. Kg1 {½-½ (26) Vykouk,J (2453)-Stocek,J (2556) Pardubice 2019}) 15... Rxd4 {[%emt 0:00:30]} 16. Rxd4 {[%emt 0:00:00]} Bxc3 {[%emt 0:00:30]} 17. bxc3 {[%emt 0:06:00]} Rxe2 {[%emt 0:00:30]} 18. Qd1 {[%emt 0:08:30]} Re8 {[%emt 0:01:30]} 19. Qh5 {[%emt 0:02:30]} g6 {[%emt 0:02:30]} 20. Qxh7 {[%emt 0:00:30]} Be6 {[%emt 0:00:30]} 21. Qh4 {[%emt 0:01:30]} Qe5 {[%emt 0:07:30]} 22. Rfd1 {[%emt 0:01:30]} g5 {[%emt 0:00:00]} 23. Re4 $2 {[%emt 0:11:30]} (23. Qe4 {is more resistant.} Qxe4 24. Rxe4) 23... gxh4 $2 {[%emt 0:01:00]} (23... Qf5 $19 {is more deadly.} 24. Rxe6 Qxe6) 24. Rxe5 {[%emt 0:00:00]} h3 {[%emt 0:00:00]} 25. g4 {[%emt 0:02:00]} Rg8 {[%emt 0:00:00]} 26. f3 {[%emt 0:00:30]} Bxc4 {[%emt 0:00:30]} 27. a3 {[%emt 0:00:30]} Nc7 {[%emt 0:00:30]} 28. Rd4 {[%emt 0:02:30]} (28. Kf2 $142) 28... Be6 {[%emt 0:01:30]} 29. Kf2 {[%emt 0:01:30]} Nb5 {[%emt 0:00:30]} 30. Ra4 {[%emt 0:01:41]} Nxc3 {[%emt 0:00:30]} 31. Rxa7 {[%emt 0:00:30]} Kb8 {[%emt 0:00:30]} 32. Rea5 {[%emt 0:00:59]} Bc8 {[%emt 0:00:30]} 33. Ra8+ {[%emt 0:00:37]} Kc7 {[%emt 0:00:30]} 34. Re5 {[%emt 0:03:29]} Kd6 {[%emt 0:01:30]} 35. Rh5 {[%emt 0:01:09]} c5 {[%emt 0:01:30]} 36. Rxh3 {[%emt 0:00:47] [#]} c4 $1 {[%emt 0:01:30]} 37. Rh6+ {[%emt 0:02:30] [#]} Kc5 $1 {[%emt 0:04:30]} 38. Rf6 {[%emt 0:04:32]} Nd5 {[%emt 0:02:30]} 39. Rxf7 {[%emt 0:02:31]} b5 {[%emt 0:02:30]} 40. Ke2 {[%emt 0:02:11]} (40. Rb7 $142 c3 41. Rbb8) 40... Kd4 {[%emt 0:07:30]} (40... Re8+ $142 41. Kd2 c3+ 42. Kd1 Kc4) 41. Kd2 $2 {[%emt 0:01:20]} (41. Rb8 Re8+ 42. Kf2) 41... c3+ {[%emt 0:01:30]} 42. Kc2 {[%emt 0:01:30] [#]} Bf5+ $1 {[%emt 0:00:30] Discovered Attack} 43. gxf5 {[%emt 0:01:01]} Rxa8 {[%emt 0:00:00]} 44. f6 {[%emt 0:01:23]} Rxa3 {[%emt 0:00:00]} 45. Rd7 {[%emt 0:00:17]} b4 {[%emt 0:01:30]} 46. f7 {[%emt 0:00:12]} b3+ {[%emt 0:00:00]} 47. Kb1 {[%emt 0:00:34]} 0-1

[Event "CRO-ch Youth U19 2020"]
[Site "Vinkovci"]
[Date "2020.07.29"]
[Round "3.11"]
[White "Moric, Ivan"]
[Black "Alfirevic, Duje"]
[Result "1/2-1/2"]
[WhiteElo "1726"]
[BlackElo "2011"]
[Annotator "ChessBase"]
[PlyCount "70"]
[EventDate "2020.07.28"]
[EventType "swiss"]
[EventCountry "CRO"]
[SourceTitle "playchess.com"]
[Source "ChessBase"]
[SourceQuality "1"]
[TimeControl "5400+30"]

1. e4 {[%emt 0:00:30]} e5 {[%emt 0:04:30]} 2. Nf3 {[%emt 0:00:00]} Nc6 {[%emt 0:00:30]} 3. Bb5 {[%emt 0:00:00]} a6 {[%emt 0:00:30]} 4. Ba4 {[%emt 0:00:30]} Nf6 {[%emt 0:00:00]} 5. O-O {[%emt 0:00:30]} Nxe4 {[%emt 0:00:00]} 6. d4 {[%emt 0:01:30]} b5 {[%emt 0:00:30]} 7. Bb3 {[%emt 0:00:30]} d5 {[%emt 0:00:30]} 8. Nxe5 {[%emt 0:01:30]} Nxe5 {[%emt 0:00:30]} 9. dxe5 {[%emt 0:00:30]} Be6 {[%emt 0:02:30]} 10. Be3 {[%emt 0:02:30]} Be7 {[%emt 0:03:30]} 11. Nd2 {[%emt 0:01:30]} Nc5 {[%emt 0:03:30]} 12. c3 {[%emt 0:02:30]} O-O {[%emt 0:03:30]} 13. Bc2 {[%emt 0:04:30]} Qd7 {[%emt 0:15:30]} 14. f4 {[%emt 0:07:30]} f5 {[%emt 0:20:30]} 15. b4 {[%emt 0:16:30]} Nb7 {[%emt 0:07:30]} 16. Nb3 {[%emt 0:04:30]} a5 {[%emt 0:00:30]} 17. a3 {[%emt 0:13:30]} Rfc8 {[%emt 0:05:30]} 18. g4 {[%emt 0:05:30]} g6 {[%emt 0:02:30]} 19. Nd4 {[%emt 0:03:30]} c5 {[%emt 0:02:30]} 20. Nxe6 {[%emt 0:01:30]} Qxe6 {[%emt 0:00:00]} 21. gxf5 {[%emt 0:00:00]} gxf5 {[%emt 0:00:00]} 22. Bxf5 {[%emt 0:01:00]} Qxf5 {[%emt 0:00:30]} 23. Qxd5+ {[%emt 0:00:30]} Kh8 {[%emt 0:02:30]} 24. Qxb7 {[%emt 0:00:00]} Rg8+ {[%emt 0:01:30]} 25. Kh1 {[%emt 0:01:00]} axb4 {[%emt 0:00:30]} 26. cxb4 {[%emt 0:02:30]} cxb4 {[%emt 0:01:30]} 27. axb4 {[%emt 0:06:30]} Qd3 {[%emt 0:02:30]} 28. Qf3 {[%emt 0:04:09]} Rxa1 {[%emt 0:01:04]} 29. Rxa1 {[%emt 0:00:08]} Bxb4 {[%emt 0:02:52]} 30. Rg1 {[%emt 0:03:40]} Rxg1+ {[%emt 0:03:59]} 31. Kxg1 {[%emt 0:00:10]} Qg6+ {[%emt 0:01:17]} 32. Kf2 {[%emt 0:00:58]} Qc2+ {[%emt 0:00:48]} 33. Kg3 {[%emt 0:00:36]} Qg6+ {[%emt 0:00:37]} 34. Qg4 {[%emt 0:01:54]} Be1+ {[%emt 0:04:01]} 35. Kh3 {[%emt 0:00:49]} Qd3 {[%emt 0:06:03]} 1/2-1/2

[Event "CRO-ch Youth U19 2020"]
[Site "Vinkovci"]
[Date "2020.07.29"]
[Round "3.12"]
[White "Novosel, Marko"]
[Black "Baric, Marko"]
[Result "1/2-1/2"]
[WhiteElo "2147"]
[BlackElo "1831"]
[Annotator "ChessBase"]
[PlyCount "82"]
[EventDate "2020.07.28"]
[EventType "swiss"]
[EventCountry "CRO"]
[SourceTitle "playchess.com"]
[Source "ChessBase"]
[SourceQuality "1"]
[TimeControl "5400+30"]

1. e4 {[%emt 0:00:30]} c5 {[%emt 0:00:30]} 2. Nc3 {[%emt 0:00:00]} Nc6 {[%emt 0:00:30]} 3. Bb5 {[%emt 0:00:00]} g6 {[%emt 0:00:30]} 4. f4 {[%emt 0:01:30]} Nd4 {[%emt 0:03:30]} 5. Nf3 {[%emt 0:00:30]} Nxb5 {[%emt 0:03:30]} 6. Nxb5 {[%emt 0:00:00]} a6 {[%emt 0:00:00]} 7. Nc3 {[%emt 0:00:00]} Bg7 {[%emt 0:00:00]} 8. O-O {[%emt 0:00:30]} d6 {[%emt 0:02:30]} 9. d3 {[%emt 0:08:30]} e6 {[%emt 0:00:30]} 10. Ne2 {[%emt 0:07:30]} Ne7 {[%emt 0:03:30]} 11. c3 {[%emt 0:00:30]} O-O {[%emt 0:03:30]} 12. Kh1 {[%emt 0:04:30]} Qc7 {[%emt 0:02:30]} 13. Ng3 {[%emt 0:07:30]} d5 {[%emt 0:07:30]} 14. Nh4 {[%emt 0:02:30]} dxe4 {[%emt 0:08:30]} 15. dxe4 {[%emt 0:00:30]} f5 {[%emt 0:07:30]} 16. e5 {[%emt 0:14:30]} b5 {[%emt 0:04:30]} 17. Qd6 {[%emt 0:06:30]} Qxd6 {[%emt 0:02:30]} 18. exd6 {[%emt 0:00:30]} Nd5 {[%emt 0:00:30]} 19. Nf3 {[%emt 0:07:30]} Rd8 {[%emt 0:03:30]} 20. a4 {[%emt 0:10:30]} bxa4 {[%emt 0:09:30]} 21. Rxa4 {[%emt 0:01:30]} Rxd6 {[%emt 0:04:30]} 22. Ra5 {[%emt 0:12:32]} c4 {[%emt 0:11:30]} 23. Rc5 {[%emt 0:06:07]} Bd7 {[%emt 0:00:46]} 24. Re1 {[%emt 0:02:07]} Rc8 {[%emt 0:02:39]} 25. Rxc8+ {[%emt 0:00:29]} Bxc8 {[%emt 0:00:33]} 26. Ne5 {[%emt 0:00:30]} Bxe5 {[%emt 0:03:04]} 27. fxe5 {[%emt 0:00:05]} Rb6 {[%emt 0:00:28]} 28. Ne2 {[%emt 0:04:09]} Kg7 {[%emt 0:02:25]} 29. Kg1 {[%emt 0:00:20]} h6 {[%emt 0:00:47]} 30. h4 {[%emt 0:00:11]} Bd7 {[%emt 0:04:55]} 31. g3 {[%emt 0:00:50]} a5 {[%emt 0:00:46]} 32. Nf4 {[%emt 0:00:53]} Nxf4 {[%emt 0:03:44]} 33. gxf4 {[%emt 0:00:06]} Bc6 {[%emt 0:00:53]} 34. Rd1 {[%emt 0:00:30]} Bd5 {[%emt 0:00:19]} 35. Kf2 {[%emt 0:00:10]} Rb3 {[%emt 0:01:56]} 36. Ke3 {[%emt 0:00:07]} a4 {[%emt 0:00:53]} 37. Kd4 {[%emt 0:00:27]} Rb5 {[%emt 0:00:27]} 38. Rg1 {[%emt 0:01:04]} Kf7 {[%emt 0:00:27]} 39. Re1 {[%emt 0:00:25]} Ra5 {[%emt 0:01:16]} 40. Rg1 {[%emt 0:00:28]} Ra8 {[%emt 0:00:46]} 41. Kc5 {[%emt 0:00:37]} Rc8+ {[%emt 0:00:22]} 1/2-1/2

[Event "CRO-ch Youth U19 2020"]
[Site "Vinkovci"]
[Date "2020.07.29"]
[Round "3.13"]
[White "Ghersinich, Enrico"]
[Black "Birkic, Josip"]
[Result "1-0"]
[WhiteElo "2299"]
[BlackElo "1984"]
[Annotator "RC"]
[PlyCount "59"]
[EventDate "2020.07.28"]
[EventType "swiss"]
[EventCountry "CRO"]
[SourceTitle "playchess.com"]
[Source "ChessBase"]
[SourceQuality "1"]
[TimeControl "5400+30"]

1. d4 {[%emt 0:00:30]} Nf6 {[%emt 0:03:30]} 2. c4 {[%emt 0:00:00]} e6 {[%emt 0:00:00]} 3. Nc3 {[%emt 0:01:00]} Bb4 {[%emt 0:00:00]} 4. Bg5 {[%emt 0:00:00]} c5 {[%emt 0:00:30]} 5. d5 {[%emt 0:00:00]} d6 {[%emt 0:07:30]} 6. e3 {[%emt 0:01:30]} Bxc3+ {[%emt 0:00:30]} 7. bxc3 {[%emt 0:00:30]} h6 {[%emt 0:00:30]} 8. Bh4 {[%emt 0:00:30]} e5 {[%emt 0:00:30]} 9. Bd3 {[%emt 0:03:30]} O-O {[%emt 0:03:30]} 10. Ne2 {[%emt 0:04:30]} Re8 {[%emt 0:03:30]} 11. f3 {[%emt 0:05:30]} Nbd7 {[%emt 0:08:30]} 12. Qc2 {[%emt 0:05:30]} Nf8 {[%emt 0:06:30]} 13. Kd2 {[%emt 0:06:30]} g5 {[%emt 0:17:30]} 14. Bf2 {[%emt 0:00:30]} Kg7 {[%emt 0:01:30]} 15. h4 {[%emt 0:02:30]} Qe7 {[%emt 0:07:30]} 16. hxg5 {[%emt 0:01:30]} hxg5 {[%emt 0:00:30]} 17. Ng3 {[%emt 0:00:30]} Ng6 {[%emt 0:03:30]} 18. Bf5 {[%emt 0:06:30]} Bd7 {[%emt 0:05:30]} 19. Bxd7 {[%emt 0:03:30]} Qxd7 {[%emt 0:00:30]} 20. Nf5+ {[%emt 0:00:00]} Kf8 {[%emt 0:01:30]} 21. e4 {[%emt 0:00:00]} Ng8 {[%emt 0:07:30]} 22. Rh7 {[%emt 0:04:30]} Rac8 {[%emt 0:04:07]} 23. Be3 {[%emt 0:02:30]} Qd8 {[%emt 0:01:30]} 24. Qa4 {[%emt 0:01:30]} Nf6 {[%emt 0:05:56]} 25. Rg7 {[%emt 0:01:30]} Nh5 {[%emt 0:00:47]} 26. Rh7 {[%emt 0:01:30]} Nf6 {[%emt 0:00:43]} 27. Rh2 {[%emt 0:00:30]} a6 {[%emt 0:02:07]} 28. Rah1 {[%emt 0:00:30]} Qb6 {[%emt 0:02:22]} 29. Bxg5 {[%emt 0:01:30]} Qb2+ {[%emt 0:01:14]} 30. Qc2 {[%emt 0:00:30]} 1-0